| 000 | 01064cam a22003257a 4500 | ||
|---|---|---|---|
| 001 | 000084414 | ||
| 003 | CHAP | ||
| 005 | 20220329142254.0 | ||
| 008 | 000425d1997 mx a r 00010 spa d | ||
| 010 | _a80890 | ||
| 011 | _a81862 | ||
| 020 | _a970625062X | ||
| 035 | _a92344 | ||
| 040 | _cCHAP | ||
| 082 | 0 | 4 |
_a517.38 _bZ5Y 1993 |
| 100 | 0 | 0 |
_aZill, Dennis G. _9124022 |
| 245 | 1 | 0 |
_aEcuaciones diferenciales con aplicaciones / _c/por Dennis G. Zill. |
| 260 |
_aMéxico, D. F. : _bGrupo Editorial Iberoamérica, _c1997. |
||
| 300 |
_a624.p : _bilus. ; gráfs. |
||
| 500 | _aTrad. de la 5 ed. en inglés de A first course in differential equations de 1993. | ||
| 590 |
_aBATCH-UPD _b10 _c20130110 _lUCH01 _h0845 |
||
| 590 |
_aCONVERSION _b10 _c20130109 _lUCH01 _h1345 |
||
| 590 |
_aE11695DGD _b10 _c20131014 _lUCH01 _h1003 |
||
| 650 | 1 | 4 |
_aEcuaciones diferenciales. _935306 |
| 901 | _aBK | ||
| 905 | _aBlanca M. García O. | ||
| 942 | _cLIBRO | ||
| 942 | _n0 | ||
| 949 |
_a517.38 Z5Y 1993 _bBC _cLIBRO _d33724000772554 _eLIBRO _gI. 203213 _h97859 _i92344 _si _t$145.00 |
||
| 999 |
_c80890 _d80890 |
||